| 000 | 01077nam a22003011 4500 | ||
|---|---|---|---|
| 001 | 32897 | ||
| 003 | BD-RjUL | ||
| 005 | 20211209051919.0 | ||
| 008 | 140429s1958 ua hj 000 0 eng | ||
| 035 | _a(BD-RjUL)32987 | ||
| 035 | _a(OCoLC)2124695 | ||
| 040 |
_aDLC _cUU _dNSyU _dOCoLC _dDLC _dBD-RjUL _beng |
||
| 041 | _aeng | ||
| 082 |
_a297.964 _bALO 1958 |
||
| 100 | 1 |
_aAl-Hamdānī, Ḥusayn ibn Fayḍ _9100010 |
|
| 245 | 1 | 0 |
_aOn the genealogy of Fatimid caliphs : _b(statement on Mahdī's communication to the Yemen on the real and esoteric names of his hidden predecessors) / _cforeword by Bayard Dodge. |
| 260 |
_aCairo, _c1958. |
||
| 300 |
_a22, 14 p. : _bill. ; _c24 cm. |
||
| 490 | 1 |
_aSchool of Oriental Studies. Occasional paper, _vno. 1 |
|
| 490 | 0 | _aPublications of the American University at Cairo. | |
| 500 | _aAdded t.p. in Arabic. | ||
| 504 | _aBibliographical footnotes. | ||
| 600 | 0 | 0 |
_aʻUbayd Allāh al-Mahdī, _cCaliph, _d872 or 873-934. _9100011 |
| 650 | 0 |
_aFatimites. _983077 |
|
| 942 |
_2ddc _cBK |
||
| 999 |
_c32897 _d32897 |
||